Представление документа в формате MARC21

Поле Инд. ПП Название Значение
Тип записи a
Библиографический уровень m
001 Контрольный номер 30049760bac7411fad3fe5dffb3bcfd1
005 Дата корректировки 20260624122401.5
020 a ISBN 978-5-93700-408-6
040 b Код языка каталог. rus
e Правила каталог. PSBO
041 0_ a Код языка текста rus
080 a Индекс УДК 004.85
084 a Индекс другой классификации/Индекс ББК 32.813.5
090 a Полочн. индекс 681.3
x Авторский знак Б67
097 b Оператор 05
100 1_ a Автор Бишоп К. М.
245 10 a Заглавие Глубокое обучение: принципы и концепции
c Ответственность пер. с англ. В. И. Бахура
250 a Основные сведения об издании 2-е изд. с решениями
260 a Место издания Москва
b Издательство ДМК Пресс
c Дата издания 2026
300 a Объем 849 с.
336 a Термин вида содержания Текст
337 a Термин типа средства непосредственный
510 0_ a Примечание о ссылках Книги и методические пособия
650 04 a Основная рубрика 28.23 Искусственный интеллект
653 0_ a Ключевые слова глубокое обучение; машинное обучение; искусственный интеллект; нейронные сети; языковые модели; решение задач
700 12 a Другие авторы Бишоп Х.
900 a Имя электронного ресурса Бишоп - Глубокое обучение Принципы и концепции (001)
900 a Имя электронного ресурса Бишоп - Глубокое обучение Принципы и концепции
901 t Тип документа m